Statistics for Straight Shot to the Arctic Circle

Click here to take the quiz!

General Stats

  • This quiz has been taken 18,926 times
    (17,484 since last reset)
  • The average score is 15 of 18

Answer Stats

Inside?Country% Correct
Canada
99%
Russia
99%
Norway
99%
United States
98%
Sweden
97%
Finland
97%
Denmark (Greenland)
96%
United Kingdom
96%
Iceland
95%
Ireland
89%
France
86%
Spain (Canary Islands)
85%
Portugal (Azores)
83%
Netherlands
76%
Belgium
71%
Brazil
71%
Morocco
65%
Cape Verde
46%

Score Distribution

Percentile by Number Answered

Percent of People with Each Score

Your Score History

You have not taken this quiz since the last reset